000 01218cam a2200301 a 4500
999 _c127042
_d127042
001 12537328
003 ARRUPE
005 20171005115349.0
008 010918s2002 nyu b 001 0 eng
010 _a 2001050233
020 _a0321093003 (alk. paper)
040 _aDLC
_cDLC
_dDLC
050 0 0 _aD13
_b.M294 2002
082 0 0 _a907/.2
_221
100 1 _aMarius, Richard.
_94046
245 1 2 _aA short guide to writing about history.
_cRichard marius and melvin E. Page
250 _a6th ed. /
260 _aNew York :
_bPearson Longman,
_c2006.
300 _axiv, 242 p. ;
_c21 cm.
490 0 _aThe short guide series
504 _aIncludes bibliographical references and index.
650 0 _aHistoriography.
_91847
650 0 _aHistory
_xMethodology.
_929422
650 0 _aHistory
_xResearch.
_936726
650 0 _aAcademic writing.
_936727
700 1 _aPage, Melvin E.
_q(Melvin Eugene),
_d1944-
_936728
906 _a7
_bcbc
_corignew
_d1
_eocip
_f20
_gy-gencatlg
942 _2lcc
_cMONOGRAPH